Central Library OPAC University of Rajshahi

রমনা পার্কে / (Record no. 54156)

MARC details
000 -LEADER
fixed length control field 00744nam a2200217 a 4500
001 - CONTROL NUMBER
control field 54156
003 - CONTROL NUMBER IDENTIFIER
rucl marc code BD-RjUL
005 - DATE AND TIME OF LATEST TRANSACTION
control field 20211209080059.0
008 - FIXED-LENGTH DATA ELEMENTS--GENERAL INFORMATION
fixed length control field 161102s1964 bg ||||| |||| 00| 0 ben d
035 ## - SYSTEM CONTROL NUMBER
System control number (BD-RjUL)54278
040 ## - CATALOGING SOURCE
Original cataloging agency BD-RjUL
Language of cataloging ben
Transcribing agency BD-RjUL
Modifying agency BD-RjUL
041 ## - LANGUAGE CODE
Language code of text/sound track or separate title ben
082 ## - DEWEY DECIMAL CLASSIFICATION NUMBER
Edition number 23
Classification number 891.443
Author mark and year IBR 1964
100 ## - MAIN ENTRY--PERSONAL NAME
Personal name ইব্রাহিম, নীলিমা
9 (RLIN) 161662
245 10 - TITLE STATEMENT
Title রমনা পার্কে /
Statement of responsibility, etc. নীলিমা ইব্রাহিম
260 ## - PUBLICATION, DISTRIBUTION, ETC. (IMPRINT)
Place of publication, distribution, etc. ঢাকা :
Name of publisher, distributor, etc. গ্রন্থপীঠ,
Date of publication, distribution, etc. ১৯৬৪.
300 ## - PHYSICAL DESCRIPTION
Pagination [৪], ১০৬ পৃ. ;
Size ২১ সেমি.
650 ## - SUBJECT ADDED ENTRY--TOPICAL TERM
Topical term or geographic name as entry element বাংলা উপন্যাস
9 (RLIN) 161663
Topical term or geographic name as entry element Bengali Fictions
9 (RLIN) 161664
942 ## - ADDED ENTRY ELEMENTS (KOHA)
Source of classification or shelving scheme Dewey Decimal Classification
Koha item type Books
Holdings
Lost status Source of classification or shelving scheme Damaged status Not for loan Collection code Permanent Location Current Location Shelving location Date acquired Source of acquisition Cost, normal purchase price Total Checkouts Full call number Date last seen Copy number Koha item type
  Dewey Decimal Classification     Fiction Central Library, University of Rajshahi Central Library, University of Rajshahi   12/06/1968 Nowrose 2.50   B 891.443 IBR 1964 02/11/2016 C-2 Books